000 00310nam a22001457a 4500
008 210506b ||||| |||| 00| 0 eng d
020 _a9780073383071
041 _aeng
080 _210th
_a573
082 _a573
100 _a11
101 _aBIO
245 _aBiology
_cKenneth A. Mason
942 _2udc
_cBK
999 _c57081
_d57081